[Event "Budapest FS05 FM-B"]
[Site "Budapest"]
[Date "2012.05.07"]
[Round "3"]
[White "Somogyi, Theodora"]
[Black "Lukacs, Albert"]
[Result "0-1"]
[WhiteElo "1252"]
[BlackElo "1776"]
[PlyCount "72"]
[EventDate "2012.05.05"]
[EventType "tourn"]
[EventRounds "11"]
[EventCountry "HUN"]
[SourceTitle "CBM 148 Extra"]
[Source "ChessBase"]
[SourceDate "2012.06.22"]
[SourceVersion "1"]
[SourceVersionDate "2012.06.22"]
[SourceQuality "1"]

1. e4 c5 2. Nf3 e6 3. c4 Nc6 4. Nc3 a6 5. d3 Qc7 6. g3 Nf6 7. Bg2 d6 8. 0-0 h6 9. Re1 g5 10. d4 cxd4 11. Nxd4 Bd7 12. Nd5 Nxd5 13. exd5 Nxd4 14. Qxd4 e5 15. Qc3 Bg7 16. b3 0-0 17. Bb2 Rae8 18. Re2 f5 19. Rf1 f4 20. a3 Rf7 21. Qd3 Ref8 22. Bc1 f3 23. Re3 fxg2 24. Kxg2 Qc8 25. Kh1 Bh3 26. Rg1 Rxf2 27. Ree1 Bg4 28. Ref1 Be2 29. Qe3 Rxf1 30. Rxf1 Rxf1+ 31. Kg2 Rxc1 32. Qxc1 e4 33. Qe3 Bf3+ 34. Kf2 Qh3 35. Ke1 Qxh2 36. Kf1 Bd4 0-1

[Event "Budapest FS05 FM-B"]
[Site "Budapest"]
[Date "2012.05.06"]
[Round "2"]
[White "Mayer, Istvan"]
[Black "Somogyi, Theodora"]
[Result "1-0"]
[WhiteElo "2038"]
[BlackElo "1252"]
[PlyCount "51"]
[EventDate "2012.05.05"]
[EventType "tourn"]
[EventRounds "11"]
[EventCountry "HUN"]
[SourceTitle "CBM 148 Extra"]
[Source "ChessBase"]
[SourceDate "2012.06.22"]
[SourceVersion "1"]
[SourceVersionDate "2012.06.22"]
[SourceQuality "1"]

1. e4 c5 2. Nf3 Nc6 3. d4 cxd4 4. Nxd4 e5 5. Nb5 Nf6 6. N1c3 d6 7. Bg5 Be7 8. Bxf6 Bxf6 9. Qxd6 Qxd6 10. Nxd6+ Kd8 11. Nxf7+ Ke8 12. Nxh8 Be6 13. Bb5 a6 14. Ba4 Kf8 15. 0-0 Ne7 16. Bb3 Bxb3 17. axb3 Kg8 18. Rfd1 Kxh8 19. Rd7 Rb8 20. Rad1 Nc6 21. Nd5 Bg5 22. g3 Bd8 23. c3 b5 24. Ne3 h6 25. R1d6 Rc8 26. Ng4 1-0

[Event "Budapest FS08 FM-C"]
[Site "Budapest"]
[Date "2011.08.10"]
[Round "5"]
[White "Somogyi, Theodora"]
[Black "Vujosevics, Eszter"]
[Result "0-1"]
[WhiteElo "1227"]
[BlackElo "1431"]
[PlyCount "43"]
[EventDate "2011.08.06"]
[EventType "tourn"]
[EventRounds "10"]
[EventCountry "HUN"]
[SourceTitle "CBM 143 Extra"]
[Source "ChessBase"]
[SourceDate "2011.08.29"]
[SourceVersion "1"]
[SourceVersionDate "2011.08.29"]
[SourceQuality "1"]

1. e4 e5 2. d4 exd4 3. Qxd4 Nc6 4. Qd3 Nf6 5. Nf3 h6 6. e5 Ng8 7. Be2 Bc5 8. Be3 Bb6 9. 0-0 Nge7 10. Nc3 0-0 11. Bxb6 axb6 12. Qe4 d5 13. Qe3 d4 14. Qd2 dxc3 15. Qxc3 Be6 16. Rad1 Qc8 17. a3 Bg4 18. h3 Bf5 19. Nh4 Bh7 20. Qg3 Qe6 21. Nf3 Bxc2 22. Rd2 0-1

[Event "Budapest FS03 FM-C"]
[Site "Budapest"]
[Date "2011.03.08"]
[Round "4"]
[White "Somogyi, Theodora"]
[Black "Vujosevics, Eszter"]
[Result "0-1"]
[WhiteElo "1222"]
[BlackElo "1404"]
[PlyCount "62"]
[EventDate "2011.03.05"]
[EventType "tourn"]
[EventRounds "10"]
[EventCountry "HUN"]
[SourceTitle "CBM 141 Extra"]
[Source "ChessBase"]
[SourceDate "2011.05.03"]
[SourceVersion "1"]
[SourceVersionDate "2011.05.03"]
[SourceQuality "1"]

1. f3 e5 2. e4 Bc5 3. Ne2 Nc6 4. Nbc3 d6 5. Ng3 Bd7 6. Bc4 Nf6 7. d3 Qe7 8. Nd5 Nxd5 9. Bxd5 0-0-0 10. Qd2 Nd4 11. c3 Nc6 12. b4 Bb6 13. Ne2 Rde8 14. d4 exd4 15. cxd4 Qh4+ 16. g3 Qh5 17. 0-0 Bh3 18. Nf4 Qh6 19. Re1 Bxd4+ 20. Kh1 Bxa1 21. Bxc6 bxc6 22. Rd1 Be5 23. Qd3 Bxf4 24. Qa6+ Kd7 25. Bxf4 Qh5 26. Qd3 d5 27. b5 Qg6 28. bxc6+ Qxc6 29. exd5 Qb6 30. a4 Qb2 31. Bxc7 Qg2# 0-1